000 00688nam a22002297a 4500
008 230911b |||||||| |||| 00| 0 eng d
020 _a9781911445418
040 _aCUZ
_cCUZ
_dCUZ
_beng
_erda
050 0 0 _aPS3553
_bJAC
245 1 4 _aThe intruders:
_cThe Secret Squadron. Volume One /
_bRobert Jackson
264 _aLondon:
_bEndeavourrink,
_cc1997.
300 _a249 pages. ;
_c24 cm.
336 _atext
_btxt
337 _aunmediated
_bn
338 _2rdacarrier
500 _aSequel to Flight of the intruder.
600 1 0 _aGrafton, Jake
650 0 _aAircraft carriers
650 0 _aMarines
650 0 _aVietnam War, 1961-1975
942 _cOS
999 _c44868
_d44868